Γεωγραφία του Ισλαμιστικού κινήματος στη Μέση Ανατολή

Αποθηκεύτηκε σε:
Λεπτομέρειες βιβλιογραφικής εγγραφής
Κύριος συγγραφέας: Μάζης, Ιωάννης Θ.
Μορφή: Βιβλίο
Γλώσσα:Greek
Δημοσίευση: Αθήνα : Ελληνικές Πανεπιστημιακές Εκδόσεις, 1992.
Θέματα:
Ετικέτες: Προσθήκη ετικέτας
Δεν υπάρχουν, Καταχωρήστε ετικέτα πρώτοι!

MARC

LEADER 00000cam a2200000 i 4500
001 1/99280
008 950327s1992 gr | ||| |||| ||gre||
020 |a 960849303x 
035 |l 10011245 
040 |a GR-MY-UA  |b gre  |e aacr 
041 0 |a gre 
082 7 |a 322.40956   |2 (22) 
100 1 |a Μάζης, Ιωάννης Θ. 
245 1 0 |a Γεωγραφία του Ισλαμιστικού κινήματος στη Μέση Ανατολή /   |c Ι. Θ. Μάζης ; πρόλογος: Παύλου Χιδίρογλου.  
260 |a Αθήνα :   |b Ελληνικές Πανεπιστημιακές Εκδόσεις,   |c 1992.  
300 |a 402 σ. ;   |c 24 εκ.  
504 |a Βιβλιογραφία: σ.359-379. Ευρετήριο. 
650 0 |a Islam and politics  |z Middle East. 
650 0 |a Islamic fundamentalism  |z Middle East. 
852 |a INST  |b LESVOS  |e 19950327  |h 322.40956 ΜΑΖ  |p 005100002011  |q 005100002011  |t BK  |y 0 
852 |a INST  |b LESVOS  |e 19990604  |h 322.40956 ΜΑΖ  |p 005100015955  |q 005100015955  |t BK  |y 0 
909 |a Λ  |b 036622 
922 |a 1ΕΛΗ  |b 199409  |c TKA 
922 |a 1ΕΛΗ  |b 199906  |c ΣΥΛΛΟΓΟΣ ΦΟΙΤΗΤΩΝ ΤΜΗΜΑΤΟΣ ΓΕΩΓΡΑΦΙΑΣ 
970 |z 1995/03